Die Beziehungen der Universität Leipzig zu Preussen von ihrer Begründung bis zur Reformation
| Titel: | Die Beziehungen der Universität Leipzig zu Preussen von ihrer Begründung bis zur Reformation |
|---|---|
| Verfasser: | |
| In: |
Westpreußischer Geschichtsverein: Zeitschrift des Westpreußischen Geschichtsvereins, Heft 44 (1902), Seite 1-158 alle Artikel anzeigen |
| Veröffentlicht: | 1902 |
| Format: | Aufsatz |
| Sprache: | Deutsch |
X
alg: 39172326 001A $01999:11-11-16 001B $01999:15-05-21 $t21:02:55.000 001C $06050:19-11-16 $t08:46:35.000 001D $01999:11-11-16 001U $0utf8 001X $00 002@ $0Aox 003@ $039172326X 007A $039172326X $aHEB 007T $0Herdc0098985m 010@ $ager 011@ $a1902 021A $aDie @Beziehungen der Universität Leipzig zu Preussen von ihrer Begründung bis zur Reformation 028A $aFreytag $dHermann 031A $e44 $h1-158 $j1902 039B $aIn $8--Abvc--Westpreußischer Geschichtsverein [Tb1]. Zeitschrift des Westpreußischen Geschichtsvereins. - Danzig : Danziger Verl.-Ges., 1880-1941 $x190200000000044999 $9047259124 045F $a370.94382 $eDDC23BSB 045F/01 $a370.9 045F/03 $g4382 045F/03 $g43832 045T $a9,10 lok: 39172326 78 exp: 39172326 78 1 #EPN 201B/01 $011-01-18 $t23:05:24.000 201U/01 $0utf8 203@/01 $0787817996 208@/01 $a11-11-16 $be 209A/01 $a/ $f000 $x00 220C/01 $aTitelaufnehmer: pg 220C/01 $aHerkunft: HI Marburg 220C/01 $aAnmerkung: *NG 244Z/01 $2Trx $#Prusy Wschodnie i Zachodnie $8--Trx--Ost- und Westpreußen $x01 $939113373X 244Z/01 $#Leipzig $#Urbs Lipzi $#Lipzi $#Lejpcig $#Reichsmessestadt Leipzig $#Lipsk $#Lipcse $#Messestadt Leipzig $#Groß-Leipzig $#Lipsia $#Stadt Leipzig $#Leipsic $#Leipzic $#Leyptzick $#Lejpzjg $#Leipsig $#Leipsia $#Gross-Leipzig $#Liptzk $#Leiptzk $#Leyptzigk $#Leipsique $#Leipsick $#Leypsic $#Leipsic $74035206-7 $8--Tg1--Leipzig $x02 $9085094951 244Z/01 $aGeschichte 1409-1550 $x03 244Z/01 $2Trx $#suhted, teaduslikud $#santykiai, moksliniai $#relationships, scholarly $#kapcsolatok, tudományos $#kontakty naukowe $#vzťahy vedecké $#vztahy vědecké $8--Trx--Beziehungen, wissenschaftliche $x04 $9391364855 244Z/01 $2Trx $#ülikoolid $#universitetai $#universitāte $#Universities $#egyetemek $#uniwersytety $#univerzity $#univerzity $#Hochschulen $#vysoké školy $8--Trx--Universitäten $x05 $9391373862 244Z/01 $2Trx $8--Trx--Zeitschriftenaufsatz $x06 $9391384341 245Z/01 $a11.05 $x01 247C/01 $82080>Marburg/Lahn, Herder-Institut, Forschungsbibliothek, Bibliographieportal $9336309341
| LEADER | 00000caa a22000002c 4500 | ||
|---|---|---|---|
| 001 | 39172326X | ||
| 003 | DE-603 | ||
| 005 | 20210515210255.0 | ||
| 007 | tu | ||
| 008 | 161111s1902 xx |||| | u00||u|ger c | ||
| 035 | |a (DE-599)HEB39172326X | ||
| 040 | |a DE-603 |b ger |c DE-603 |d DE-603 | ||
| 041 | |a ger | ||
| 082 | 0 | 4 | |8 1\u |a 370.94382 |q DE-101 |2 23/BSB |
| 084 | |a 9,10 |2 ssgn | ||
| 085 | |8 1\u |b 370.9 | ||
| 085 | |8 1\u |z 2 |s 4382 | ||
| 085 | |8 1\u |z 2 |s 43832 | ||
| 100 | 1 | |a Freytag, Hermann | |
| 245 | 0 | 0 | |a Die Beziehungen der Universität Leipzig zu Preussen von ihrer Begründung bis zur Reformation |
| 264 | 0 | |c 1902 | |
| 773 | 0 | 8 | |i In |a Westpreußischer Geschichtsverein |t Zeitschrift des Westpreußischen Geschichtsvereins |d Danzig : Danziger Verl.-Ges., 1880-1941 |g Heft 44 (1902), Seite 1-158 |w (DE-603)047259124 |w (DE-600)201424-5 |
| 924 | 0 | |9 2080 |a (DE-603)787817996 |b DE-2080 |c HES |d d |g / | |


